000 00303nam a22001337a 4500
008 180926b xxu||||| |||| 00| 0 eng d
020 _a9780534559014
041 _aeng
080 _23rd
_a343.9
100 _a13
101 _aKRI
245 _aCriminal Justice in America
_cCole, G.F
942 _2udc
_cBK
999 _c48513
_d48513